[Event "Open d'Aubagne 2018-2019"]
[Site "Aubagne"]
[Date "2018.10.13"]
[Round "2.21"]
[White "Biglia, Michel"]
[Black "Pietrac, Christian"]
[Result "0-1"]
[WhiteElo "1232"]
[BlackElo "1256"]
[PlyCount "116"]

1. e4 d6 2. Bc4 Nf6 3. Nc3 g6 4. Nf3 Bh6 5. d4 Bg7 6. O-O O-O 7. Be3 e5 8. d5
a5 9. Qd2 Qe8 10. Bh6 Bd7 11. Bxg7 Kxg7 12. h3 b5 13. Be2 Na6 14. a3 Nc5 15.
Bd3 Qb8 16. Qe3 b4 17. Ne2 b3 18. c3 Bb5 19. c4 Ba6 20. Nh4 Qd8 21. g3 a4 22.
f4 Nxd3 23. Qxd3 Bc8 24. fxe5 dxe5 25. g4 Nxg4 26. Qf3 Qxh4 27. hxg4 Bxg4 28.
Qg3 Qg5 29. Kg2 h6 30. Nc3 h5 31. Rh1 Qd2+ 32. Qf2 Qd3 33. Rad1 Qxc4 34. Rc1
Qd4 35. Qxd4 exd4 36. Nb5 d3 37. Rxc7 d2 38. Nc3 Rac8 39. d6 Rfd8 40. e5 g5 41.
Rxc8 Rxc8 42. Kf2 h4 43. Ke3 d1=Q 44. Nxd1 Rc1 45. Kd2 Rc2+ 46. Ke3 Re2+ 47.
Kd3 Rxe5 48. Kc3 Rd5 49. Ne3 Rxd6 50. Nxg4 Rc6+ 51. Kb4 Rc2 52. Rb1 Re2 53. Rf1
Re4+ 54. Ka5 Rxg4 55. Rd1 h3 56. Rd3 Rh4 57. Rd1 h2 58. Rh1 f5 0-1

[Event "Open d'Aubagne 2018-2019"]
[Site "Aubagne"]
[Date "2018.10.13"]
[Round "2.22"]
[White "Cureau, Dominique"]
[Black "Dektiannikov, Artiom"]
[Result "1-0"]
[WhiteElo "1438"]
[BlackElo "1129"]
[PlyCount "59"]

1. c4 Nf6 2. Nc3 d5 3. cxd5 Nxd5 4. e4 Nxc3 5. bxc3 e5 6. Nf3 Nc6 7. Bb5 Bd6 8.
d4 a6 9. Bxc6+ bxc6 10. dxe5 Be7 11. O-O O-O 12. Qe2 Bg4 13. h3 Bxf3 14. Qxf3
f6 15. e6 Qd6 16. Qg4 Qe5 17. Bh6 g6 18. Bxf8 Rxf8 19. Rac1 f5 20. exf5 Rxf5
21. Rfe1 Qc5 22. Rc2 Bd6 23. Qd4 Qxd4 24. cxd4 Bb4 25. e7 Bxe7 26. Rxe7 Rf4 27.
Rd2 Kf8 28. Rxc7 Rxd4 29. Rxd4 Kg8 30. Rd8# 1-0

[Event "Open d'Aubagne 2018-2019"]
[Site "Aubagne"]
[Date "2018.10.13"]
[Round "2.23"]
[White "Deroual, Alexandre"]
[Black "Desjardins, Rene"]
[Result "0-1"]
[WhiteElo "1130"]
[BlackElo "1437"]
[PlyCount "109"]

1. g3 d5 2. Nf3 Nf6 3. Bg2 e6 4. d4 Nc6 5. O-O Be7 6. b3 b6 7. c4 Bb7 8. cxd5
Nxd5 9. e4 Nf6 10. Re1 Qd7 11. Bb2 Nb4 12. a3 Nc6 13. b4 a5 14. b5 Na7 15. a4
Bxe4 16. Ne5 Qc8 17. Bxe4 Nxe4 18. Rxe4 O-O 19. Ba3 Bxa3 20. Rxa3 f6 21. Nf3
Qb7 22. Rxe6 Qd5 23. Qb3 Qxb3 24. Rxb3 Rad8 25. Rc3 Kf7 26. Ree3 Rd7 27. d5 Rc8
28. Rcd3 Rcd8 29. Nc3 Nc8 30. Re1 Nd6 31. Ne4 Nc4 32. Rc3 Nb2 33. d6 cxd6 34.
Rec1 Nxa4 35. Rc7 Nc5 36. Nxd6+ Ke6 37. Rc6 Rxd6 38. Nd4+ Ke5 39. Rd1 Rxd4 40.
f4+ Kf5 41. Rxb6 Rxd1+ 42. Kg2 R8d2+ 43. Kf3 Rf1+ 44. Ke3 Rd3+ 45. Ke2 Ra1 46.
Rc6 Ra2+ 47. Ke1 Rc3 48. Kd1 Rd3+ 49. Kc1 Rc3+ 50. Kd1 Rac2 51. b6 Rc1+ 52. Kd2
Nb3+ 53. Ke2 Rxc6 54. g4+ Kxf4 55. b7 0-1

[Event "Open d'Aubagne 2018-2019"]
[Site "Aubagne"]
[Date "2018.10.13"]
[Round "2.24"]
[White "Salvi, Angele"]
[Black "Corchia, Joseph"]
[Result "1-0"]
[WhiteElo "1125"]
[BlackElo "1399"]
[PlyCount "33"]

1. e4 Nc6 2. Nf3 g6 3. Nc3 Bg7 4. d4 e6 5. Be3 a6 6. Qd2 b5 7. a3 Bb7 8. O-O-O
d6 9. h4 b4 10. axb4 Nxb4 11. d5 Bxc3 12. bxc3 Qf6 13. Kb2 a5 14. Bb5+ c6 15.
dxc6 Nxc6 16. Qxd6 Nge7 17. Bg5 1-0

[Event "Open d'Aubagne 2018-2019"]
[Site "Aubagne"]
[Date "2018.10.13"]
[Round "2.25"]
[White "Innocenti, Georges"]
[Black "Bonnefond, Liv"]
[Result "0-1"]
[WhiteElo "1399"]
[BlackElo "1120"]
[PlyCount "84"]

1. e4 e5 2. f3 Nc6 3. Bd3 Bc5 4. c3 Nf6 5. b4 Bb6 6. Na3 d6 7. Nc4 Be6 8. Nxb6
axb6 9. Ne2 Bxa2 10. Qc2 Be6 11. Rxa8 Qxa8 12. Bb2 O-O 13. O-O Qd8 14. Bb5 Na7
15. Ba4 Qe7 16. Bb3 Bc8 17. Ra1 Nc6 18. Ra8 Nh5 19. g4 Qh4 20. Qd1 Nf6 21. Qf1
Rd8 22. d4 exd4 23. cxd4 Qg5 24. Bc1 Qb5 25. Bd2 Qd3 26. Qd1 Nxd4 27. Nxd4
Qxd4+ 28. Kg2 Nd7 29. Bg5 Qb2+ 30. Qc2 Qxc2+ 31. Bxc2 f6 32. Be3 b5 33. g5 fxg5
34. Bxg5 Re8 35. h4 Nb6 36. Ra5 Nc4 37. Rxb5 Na3 38. Bb3+ Kh8 39. Bd5 Nxb5 40.
Bc4 Na3 41. f4 Nxc4 42. Kg3 Rxe4 {Il y a Kg4 coup ilégal} 0-1

[Event "Open d'Aubagne 2018-2019"]
[Site "Aubagne"]
[Date "2018.10.13"]
[Round "2.26"]
[White "Meyselle, Jean-Noel"]
[Black "Madi, Chahinez"]
[Result "0-1"]
[WhiteElo "1399"]
[BlackElo "1099"]
[PlyCount "80"]

1. e4 d5 2. exd5 Qxd5 3. d4 Qd6 4. Be3 Nf6 5. Nc3 g6 6. Nf3 Bg7 7. Be2 O-O 8.
O-O Nc6 9. Qd2 Bg4 10. Bh6 Bxf3 11. Bxg7 Bxe2 12. Bxf8 Bxf1 13. Qh6 Rxf8 14.
Rxf1 Ng4 15. Qh3 Qxd4 16. Qf3 Nce5 17. Qxb7 Qf4 18. g3 Nf3+ 19. Kg2 Nh4+ 20.
Kg1 Qh6 21. gxh4 Qxh4 22. Qg2 Rd8 23. Rd1 Rxd1+ 24. Nxd1 e5 25. h3 Nf6 26. Nc3
Qb4 27. b3 Ne4 28. Nd5 Qe1+ 29. Kh2 Qxf2 30. Nf6+ Qxf6 31. Qxe4 Qf2+ 32. Kh1
Qg3 33. Qg4 Qxg4 34. hxg4 f5 35. gxf5 gxf5 36. Kg2 Kg7 37. Kf3 Kg6 38. c4 Kf6
39. b4 a6 40. Ke3 h5 0-1

[Event "Open d'Aubagne 2018-2019"]
[Site "Aubagne"]
[Date "2018.10.13"]
[Round "2.27"]
[White "Pegon, Claude"]
[Black "Nasri, Alexandre"]
[Result "1-0"]
[WhiteElo "1088"]
[BlackElo "1399"]
[PlyCount "26"]

1. c4 e5 2. Nc3 Nf6 3. d3 Bb4 4. Nf3 Nc6 5. e3 d5 6. Bd2 Bxc3 7. Bxc3 d4 8. Bd2
Bg4 9. h3 Bxf3 10. Qxf3 O-O 11. O-O-O a5 12. a3 Qe7 13. c5 e4 1-0

[Event "Open d'Aubagne 2018-2019"]
[Site "Aubagne"]
[Date "2018.10.13"]
[Round "2.28"]
[White "Prasant, Krishnan"]
[Black "Vicari-Vento, Salvatore"]
[Result "0-1"]
[WhiteElo "1060"]
[BlackElo "1396"]
[PlyCount "103"]

1. e4 c5 2. Nc3 d6 3. Nf3 a6 4. Bc4 Nc6 5. d4 Nf6 6. Bg5 b5 7. Bd5 Nxd5 8. Nxd5
f6 9. Bf4 e6 10. Nc3 Be7 11. Nd2 O-O 12. O-O f5 13. Qf3 Nxd4 14. Qh3 b4 15. Na4
Ne2+ 16. Kh1 Nxf4 17. Qf3 Ng6 18. exf5 Bd7 19. b3 Rxf5 20. Qe3 Bxa4 21. bxa4 e5
22. Qe4 Rf8 23. Qd5+ Kh8 24. Qc4 d5 25. Qe2 Bd6 26. Rae1 Qd7 27. a5 Nf4 28. Qf3
Qe6 29. Nb3 Ng6 30. Qe2 Rae8 31. Qd2 Qg4 32. f3 Qf4 33. Qe2 d4 34. Rf2 Ne7 35.
Ref1 Nd5 36. Qe1 Ne3 37. Rg1 Rf6 38. Nd2 Nxc2 39. Qe2 Ne3 40. Ne4 Rh6 41. g3
Qf8 42. Re1 Bc7 43. Rc1 Rc6 44. f4 exf4 45. gxf4 Nf5 46. Rg2 Bxf4 47. Rcg1 Be3
48. Rf1 Bh6 49. Qh5 g6 50. Qh3 Rce6 51. Rff2 Qg7 52. Qf3 0-1

[Event "Open d'Aubagne 2018-2019"]
[Site "Aubagne"]
[Date "2018.10.13"]
[Round "2.29"]
[White "Shelar, Manasvi"]
[Black "Madi, Mohammed"]
[Result "1-0"]
[WhiteElo "1280"]
[BlackElo "1090"]
[PlyCount "73"]

1. e4 d5 2. Nc3 Nf6 3. Bb5+ Bd7 4. Bxd7+ Nbxd7 5. d3 d4 6. Nce2 c5 7. Bg5 h6 8.
Bxf6 Nxf6 9. Nf3 e6 10. O-O Be7 11. c3 e5 12. b4 dxc3 13. bxc5 Bxc5 14. Nxc3
Bd4 15. Qa4+ Nd7 16. Nb5 Bxa1 17. Rxa1 O-O 18. Rc1 Nb6 19. Qb3 Qe8 20. Nc7 Qc8
21. Nxe5 Kh8 22. Qc2 Rb8 23. Qd2 f6 24. Ng6+ Kg8 25. Ne7+ Kh8 26. Nxc8 Rbxc8
27. Qf4 g5 28. Qd6 Rcd8 29. Qe7 Nc8 30. Qc5 Rxd3 31. Qxf8+ Kh7 32. Ne6 Rd7 33.
Qe8 Re7 34. Nf8+ Kg7 35. Qxc8 Rf7 36. Ne6+ Kg6 37. Qg8+ 1-0

[Event "Open d'Aubagne 2018-2019"]
[Site "Aubagne"]
[Date "2018.10.13"]
[Round "2.30"]
[White "Shelar, Rujuta"]
[Black "Bartolini, Manuela"]
[Result "1/2-1/2"]
[WhiteElo "1240"]
[BlackElo "1080"]
[PlyCount "139"]

1. e4 c6 2. Nc3 d5 3. exd5 cxd5 4. d4 a6 5. Nf3 e6 6. Bf4 Nc6 7. Bd3 Nf6 8. O-O
Qb6 9. Be3 Qxb2 10. Qd2 Qb6 11. Rab1 Qd8 12. Bg5 h6 13. Bh4 Be7 14. Ne2 Qd6 15.
c3 Ne4 16. Qc2 Bxh4 17. Nxh4 g5 18. Bxe4 gxh4 19. Bd3 Ne7 20. Qc1 Nf5 21. Bxf5
exf5 22. Re1 Kf8 23. Nf4 Rg8 24. Qd2 b5 25. Re2 Rg4 26. Nh5 h3 27. g3 Qg6 28.
Nf4 Qf6 29. Nxd5 Qc6 30. Nf4 Bb7 31. d5 Qd6 32. Ra1 Rg5 33. Nxh3 Rg6 34. a4 Re8
35. Rxe8+ Kxe8 36. axb5 Qxd5 37. Qxd5 Bxd5 38. bxa6 Ba8 39. Nf4 Rc6 40. Nd5 Kd7
41. Ra3 Kd6 42. Ne3 Ke5 43. Ra5+ Ke4 44. c4 Rb6 45. Nd5 Rb1+ 46. Kg2 Kd3 47.
Kh3 Kxc4 48. Nc7 Bf3 49. a7 Kd3 50. a8=Q Bxa8 51. Nxa8 Ke2 52. Rxf5 Rb7 53. f4
Kf3 54. g4 Ke4 55. Rf6 Ra7 56. Nb6 Kf3 57. Rxh6 Kxf4 58. Nc4 f5 59. gxf5 Kxf5
60. Nb2 Kg5 61. Rc6 Ra3+ 62. Kg2 Ra2 63. Rc2 Ra8 64. Kg3 Kf5 65. Rc1 Rg8+ 66.
Kh3 Kf4 67. Rf1+ Ke3 68. Nd1+ Ke2 69. Rh1 Kf3 70. Rf1+ 1/2-1/2

[Event "Open d'Aubagne 2018-2019"]
[Site "Aubagne"]
[Date "2018.10.13"]
[Round "2.31"]
[White "Garbe, Georges"]
[Black "Periale, Francine"]
[Result "1-0"]
[WhiteElo "1221"]
[BlackElo "1052"]
[PlyCount "99"]

1. f4 d5 2. Nf3 Nf6 3. Nc3 Bg4 4. h3 Bxf3 5. exf3 c6 6. b3 Nbd7 7. Bb2 Qc7 8.
g3 e5 9. f5 Bd6 10. Qe2 O-O-O 11. O-O-O Rde8 12. Qf2 e4 13. f4 e3 14. dxe3 Bc5
15. Re1 d4 16. e4 dxc3 17. Qf3 cxb2+ 18. Kb1 Qb6 19. Bd3 Qb4 20. Bc4 Re7 21.
Re2 Rhe8 22. e5 Bd4 23. Rhe1 Nxe5 24. fxe5 Bxe5 25. Qd3 Qc3 26. Qxc3 Bxc3 27.
Rxe7 Bxe1 28. Rxe8+ Nxe8 29. Bxf7 Nd6 30. Be6+ Kc7 31. g4 Nb5 32. Kxb2 Bc3+ 33.
Kc1 Na3 34. g5 Kd6 35. h4 a5 36. h5 a4 37. bxa4 Be5 38. Kd1 Nb1 39. Bb3 Nc3+
40. Kd2 Nb1+ 41. Kd3 c5 42. a5 Bc3 43. Kc4 Bxa5 44. h6 Na3+ 45. Kd3 g6 46. fxg6
hxg6 47. h7 Bd8 48. h8=Q Kc6 49. Qg7 Kb6 50. Qxg6+ 1-0

[Event "Open d'Aubagne 2018-2019"]
[Site "Aubagne"]
[Date "2018.10.13"]
[Round "2.32"]
[White "Boudet, Nicole"]
[Black "Autouard, Jean-Luc"]
[Result "1-0"]
[WhiteElo "1052"]
[BlackElo "1216"]
[PlyCount "53"]

1. e4 c5 2. Nf3 Nc6 3. c3 e6 4. d4 Nf6 5. e5 Nd5 6. Bb5 a6 7. Bxc6 dxc6 8. O-O
Be7 9. c4 Nc7 10. Nc3 O-O 11. Be3 cxd4 12. Nxd4 Bd7 13. Nb3 Qe8 14. Bb6 Qc8 15.
Ne4 f6 16. Nd6 Qb8 17. f4 Bxd6 18. Qxd6 Rf7 19. Bxc7 Qa7+ 20. Nc5 Be8 21. Kh1
b6 22. Nxe6 Bd7 23. Nd8 Rf8 24. Qxd7 Rfxd8 25. Qe6+ Kf8 26. Bd6+ Qe7 27. Bxe7+
1-0

[Event "Open d'Aubagne 2018-2019"]
[Site "Aubagne"]
[Date "2018.10.13"]
[Round "2.33"]
[White "Naam, Shedy"]
[Black "Burnel, Marie-France"]
[Result "1-0"]
[WhiteElo "1213"]
[BlackElo "1042"]
[PlyCount "89"]

1. e4 e5 2. Bc4 Nf6 3. Nc3 a6 4. d4 Nc6 5. d5 Na5 6. Be2 Bb4 7. Bd2 Bxc3 8.
Bxc3 Nxe4 9. Bxa5 Qf6 10. Nf3 b6 11. Bc3 Nxc3 12. bxc3 e4 13. Nd2 Qxc3 14. O-O
a5 15. Nxe4 Qb4 16. Bd3 Bb7 17. c4 O-O 18. Qg4 f5 19. Qh4 fxe4 20. Qxe4 g6 21.
Qd4 c6 22. dxc6 Bxc6 23. Rfb1 Qc5 24. Qxc5 bxc5 25. f4 a4 26. f5 Kg7 27. g4
Rae8 28. Rb2 Be4 29. Bxe4 Rxe4 30. h3 h5 31. gxh5 gxf5 32. Rf1 f4 33. Rd1 Kh6
34. Rxd7 Rg8+ 35. Kh2 Kxh5 36. Rd5+ Rg5 37. Rxg5+ Kxg5 38. Rc2 f3 39. Kg3 Re3
40. h4+ Kh5 41. Rf2 Rc3 42. Rxf3 Rxf3+ 43. Kxf3 Kxh4 44. Ke4 Kg5 45. Kd5 1-0

[Event "Open d'Aubagne 2018-2019"]
[Site "Aubagne"]
[Date "2018.10.13"]
[Round "2.34"]
[White "Catanese, Sauveur"]
[Black "Coppel, Victor"]
[Result "0-1"]
[WhiteElo "1047"]
[BlackElo "1201"]
[PlyCount "56"]

1. d4 Nf6 2. c4 g6 3. Nc3 d5 4. e3 Bg7 5. Nf3 c5 6. b3 Nc6 7. Be2 O-O 8. O-O
Bf5 9. Bd3 Bc8 10. Re1 e6 11. a3 a5 12. a4 Ne8 13. Ba3 b6 14. Bb2 cxd4 15. exd4
Nxd4 16. Nxd4 Bxd4 17. cxd5 exd5 18. Rb1 Nc7 19. Nb5 Nxb5 20. Bxb5 Bxb2 21.
Rxb2 Qg5 22. Ree2 Bg4 23. Bc6 Bxe2 24. Rxe2 Rac8 25. Bxd5 Rc7 26. Bxf7+ Rfxf7
27. Re8+ Kg7 28. Qc1 Rxc1+ 0-1

[Event "Open d'Aubagne 2018-2019"]
[Site "Aubagne"]
[Date "2018.10.13"]
[Round "2.35"]
[White "Pinet, Leo"]
[Black "Belaid, Myriam"]
[Result "1-0"]
[WhiteElo "1199"]
[BlackElo "1040"]
[PlyCount "55"]

1. e4 h6 2. d4 a6 3. Nc3 e6 4. b3 Bb4 5. Bb2 Nf6 6. Qf3 b6 7. O-O-O Bb7 8. Bd3
d6 9. Nce2 Nbd7 10. a3 d5 11. e5 Be7 12. exf6 Bxf6 13. Kb1 c5 14. c4 b5 15. Rc1
O-O 16. Nh3 Qb6 17. Qe3 Rfe8 18. Kc2 dxc4 19. bxc4 Bxg2 20. Rhg1 Bxh3 21. Qxh3
cxd4 22. Qxh6 Kf8 23. Qf4 Rec8 24. Bxd4 Qa5 25. Qd6+ Ke8 26. Bxf6 gxf6 27. Rg8+
Nf8 28. Rxf8# 1-0

[Event "Open d'Aubagne 2018-2019"]
[Site "Aubagne"]
[Date "2018.10.13"]
[Round "2.36"]
[White "Timoner, Genevieve"]
[Black "Turpin, Isabelle"]
[Result "1-0"]
[WhiteElo "1025"]
[BlackElo "1192"]
[PlyCount "55"]

1. c4 e5 2. Nc3 Nf6 3. g3 d5 4. Bg2 c6 5. e3 Be6 6. cxd5 cxd5 7. Nge2 Nc6 8. a3
e4 9. d4 exd3 10. Qxd3 Ne5 11. Qc2 Bc5 12. O-O g6 13. b4 Bb6 14. Bb2 Qd7 15.
Qa4 Nc6 16. Rad1 Rg8 17. Rd2 Bc7 18. Rfd1 Bh3 19. Ne4 Nxe4 20. Bxe4 Qg4 21. Nf4
dxe4 22. b5 Qf3 23. bxc6 Bxf4 24. c7+ Ke7 25. Rd7+ Bxd7 26. Qxd7+ Kf8 27. Qd8+
Rxd8 28. cxd8=Q# 1-0

[Event "Open d'Aubagne 2018-2019"]
[Site "Aubagne"]
[Date "2018.10.13"]
[Round "2.37"]
[White "Rieu, Jean"]
[Black "Cayrou, Kylian"]
[Result "1-0"]
[WhiteElo "1186"]
[BlackElo "1020"]
[PlyCount "79"]

1. Nf3 d5 2. d4 Nc6 3. Nc3 Nf6 4. Bf4 Bf5 5. e3 e6 6. a3 Bd6 7. Bxd6 Qxd6 8.
Nb5 Qd7 9. Be2 a6 10. Nc3 O-O-O 11. O-O Kb8 12. Na4 Ne7 13. Nc5 Qd6 14. c3 Ng4
15. Qb3 b6 16. Nxa6+ Kb7 17. Nc5+ Kc8 18. Ba6+ Kb8 19. Nb7 Qd7 20. Nc5 Qc6 21.
Bb5 Qa8 22. Ne5 Nxe5 23. dxe5 bxc5 24. Bc6+ Kc8 25. Bxa8 f6 26. Qb7+ Kd7 27. b4
Rxa8 28. bxc5 fxe5 29. c4 dxc4 30. Rfd1+ Ke8 31. Qxa8+ Kf7 32. Qxh8 Ng8 33.
Rd7+ Kf8 34. Rad1 Bd3 35. Rd8+ Kf7 36. e4 c6 37. Qxh7 Be2 38. R1d7+ Kf6 39.
Rf8+ Kg5 40. Rxg7# 1-0

[Event "Open d'Aubagne 2018-2019"]
[Site "Aubagne"]
[Date "2018.10.13"]
[Round "2.38"]
[White "Bonavia, Mathis"]
[Black "Pignol, Jeanne"]
[Result "1-0"]
[WhiteElo "1180"]
[BlackElo "1020"]
[PlyCount "61"]

1. c4 e5 2. g3 d6 3. Bg2 Nc6 4. e3 Be7 5. Ne2 Nf6 6. Nbc3 Be6 7. b3 Qd7 8. d4
exd4 9. exd4 O-O 10. d5 Bh3 11. dxc6 bxc6 12. Nf4 Bxg2 13. Nxg2 Qh3 14. Nf4 Qf5
15. O-O g5 16. Nfe2 Qh3 17. Bxg5 Ng4 18. Re1 Qxh2+ 19. Kf1 Qh1+ 20. Ng1 Bxg5
21. Qxg4 f6 22. Re7 Rae8 23. Rae1 Qh6 24. Qe6+ Kh8 25. Rxe8 Bd2 26. Rxf8+ Qxf8
27. Qe8 Kg7 28. Re7+ Kg8 29. Ne4 d5 30. Nxf6+ Kh8 31. Rxh7# 1-0

[Event "Open d'Aubagne 2018-2019"]
[Site "Aubagne"]
[Date "2018.10.13"]
[Round "2.39"]
[White "De Laurentis, Pierre"]
[Black "Tramarin, Esteban"]
[Result "0-1"]
[WhiteElo "1020"]
[BlackElo "1170"]
[PlyCount "28"]

1. d4 d5 2. Nf3 Nf6 3. g3 g6 4. Bg2 Bg7 5. O-O O-O 6. Re1 Bd7 7. Nc3 Nc6 8. b3
Qc8 9. Ba3 Bh3 10. Nh4 g5 11. Bxh3 Qxh3 12. Nf3 Ng4 13. Nxg5 Qxh2+ 14. Kf1
Qxf2# 0-1

[Event "Open d'Aubagne 2018-2019"]
[Site "Aubagne"]
[Date "2018.10.13"]
[Round "2.40"]
[White "Madi, Walid"]
[Black "Bhutra, Patricia"]
[Result "1-0"]
[WhiteElo "1164"]
[BlackElo "1010"]
[PlyCount "85"]

1. c4 d6 2. Nc3 Nf6 3. g3 g6 4. Bg2 c6 5. Nf3 Bh6 6. O-O O-O 7. Rb1 Bg4 8. h3
Bf5 9. g4 Bxb1 10. g5 Bg7 11. gxf6 exf6 12. Nxb1 b5 13. cxb5 cxb5 14. Nd4 Qd7
15. Bxa8 Nc6 16. Bxc6 Qxh3 17. Bg2 Qg4 18. Nxb5 a6 19. f3 Qg5 20. d3 Qxb5 21.
a4 Qc5+ 22. Be3 Qc6 23. Nc3 d5 24. f4 Rd8 25. Qd2 f5 26. Qe1 Qc8 27. Nxd5 Qd7
28. Bb6 Rb8 29. Qb4 Bf8 30. Qb3 Bc5+ 31. Bxc5 Rxb3 32. Nf6+ Kg7 33. Nxd7 Rxb2
34. Bd4+ Kg8 35. Bxb2 h6 36. Rc1 g5 37. Rc8+ Kh7 38. Rh8+ Kg6 39. Nf8+ Kh5 40.
Kh2 Kg4 41. Be5 Kh4 42. Rxh6+ Kg4 43. Bf3# 1-0

[Event "Open d'Aubagne 2018-2019"]
[Site "Aubagne"]
[Date "2018.10.13"]
[Round "2.41"]
[White "Rescanieres, Alice"]
[Black "Couillaud, Gabriel"]
[Result "1-0"]
[WhiteElo "1020"]
[BlackElo "1140"]
[PlyCount "77"]

1. Nf3 d5 2. d4 Nc6 3. Nc3 Nf6 4. Bf4 Bf5 5. e3 a6 6. Bd3 e6 7. Bxf5 exf5 8.
O-O Bb4 9. Qd2 O-O 10. a3 Ne4 11. Qd3 Bxc3 12. bxc3 Re8 13. Ne5 Nxe5 14. Bxe5
Nc5 15. Qd2 Ne4 16. Qe1 c5 17. Rb1 Ra7 18. f3 Ng5 19. a4 Re6 20. Qg3 cxd4 21.
Bxd4 b6 22. f4 Rg6 23. fxg5 Rxg5 24. Bxb6 Rc7 25. Qxc7 Qa8 26. Qd8+ Qxd8 27.
Bxd8 h6 28. Bxg5 hxg5 29. Rxf5 Kh7 30. Rxg5 Kh6 31. Rxd5 g6 32. g4 Kg7 33. c4
g5 34. c5 f6 35. c6 Kh6 36. c7 f5 37. c8=Q fxg4 38. Rb6+ Kh5 39. Qh8# 1-0

[Event "Open d'Aubagne 2018-2019"]
[Site "Aubagne"]
[Date "2018.01.12"]
[Round "5.13"]
[White "Gamblin, Vincent"]
[Black "Ganier, Philippe"]
[Result "0-1"]
[WhiteElo "1483"]
[BlackElo "1588"]
[PlyCount "42"]

1. e4 c5 2. b3 d6 3. Bb2 Nc6 4. Nf3 Nf6 5. Nc3 g6 6. Qe2 Bg4 7. h3 Bxf3 8. Qxf3
Bg7 9. Bc4 O-O 10. O-O-O Rb8 11. Nd5 Nd4 12. Bxd4 cxd4 13. Qd3 Nxd5 14. Bxd5 e6
15. Bc4 Qa5 16. a4 a6 17. Qg3 b5 18. Bxe6 fxe6 19. Qxd6 Rfe8 20. e5 bxa4 21.
Qxd4 axb3 0-1

[Event "Open d'Aubagne 2018-2019"]
[Site "Aubagne"]
[Date "2018.01.12"]
[Round "5.1"]
[White "Cotton, Paul"]
[Black "Daumas, Alain"]
[Result "1-0"]
[WhiteElo "1424"]
[BlackElo "1630"]
[PlyCount "97"]

1. Nf3 d5 2. g3 c5 3. Bg2 Nc6 4. d3 Nf6 5. Nbd2 Bg4 6. c4 d4 7. b3 e5 8. Bb2
Bd6 9. h3 Bd7 10. O-O O-O 11. Ng5 Qc8 12. Kh2 Nd8 13. Nge4 Be7 14. Nxf6+ Bxf6
15. Ne4 Be7 16. e3 Bc6 17. exd4 cxd4 18. a3 Ne6 19. b4 f5 20. b5 Bd7 21. Nd2
Nc5 22. Nf3 Qc7 23. Re1 Bf6 24. a4 Rad8 25. Ba3 b6 26. Bb4 Rfe8 27. a5 Be6 28.
axb6 axb6 29. Ra2 Rd7 30. Rae2 Nxd3 31. Qxd3 Bxc4 32. Qxf5 Bxe2 33. Rxe2 Rf7
34. Nxd4 Qc4 35. Bc6 Rd8 36. Ne6 Qxe2 37. Nxd8 Bxd8 38. Bd5 h6 39. Bxf7+ Kh8
40. Bg6 Qc4 41. Qf8+ Qg8 42. Qxg8+ Kxg8 43. Bd6 e4 44. Bxe4 Kf7 45. Bb4 Be7 46.
Bc3 Bd8 47. Kg2 Bc7 48. Kf3 Bd6 49. Kg4 1-0

[Event "Open d'Aubagne 2018-2019"]
[Site "Aubagne"]
[Date "2018.01.12"]
[Round "5.2"]
[White "Hassaine, Rachid"]
[Black "Piquemal, Maxence"]
[Result "1-0"]
[WhiteElo "1390"]
[BlackElo "1565"]
[PlyCount "81"]

1. e4 e6 2. d4 d5 3. exd5 exd5 4. Nf3 Bd6 5. Bd3 Nf6 6. Nc3 c6 7. Bg5 Be6 8. a3
Nbd7 9. Nh4 h6 10. Bd2 Ne4 11. Nf3 Ndf6 12. Qe2 Nxd2 13. Qxd2 Qe7 14. O-O Qc7
15. Rfe1 O-O-O 16. b4 Ng4 17. g3 a6 18. Na4 g6 19. Nc5 Bf5 20. c4 Bxc5 21. dxc5
dxc4 22. Bxf5+ gxf5 23. Qc3 Rd3 24. Qxh8+ Rd8 25. Re8 Nf6 26. Rxd8+ Qxd8 27.
Qxd8+ Kxd8 28. Ne5 c3 29. Rc1 Nd5 30. Nxf7+ Ke7 31. Nxh6 Kf6 32. g4 f4 33. h4
Ke5 34. Kf1 Ke4 35. g5 Kd3 36. Ke1 c2 37. g6 Kc3 38. g7 Nf6 39. g8=Q Nxg8 40.
Nxg8 Kb2 41. Kd2 1-0

[Event "Open d'Aubagne 2018-2019"]
[Site "Aubagne"]
[Date "2018.01.12"]
[Round "5.3"]
[White "Soulet, Julia"]
[Black "Pouyet, Alain"]
[Result "0-1"]
[WhiteElo "1450"]
[BlackElo "1472"]
[PlyCount "120"]

1. d4 Nf6 2. c4 e6 3. Nc3 b6 4. e4 Bb7 5. Bd3 Bb4 6. f3 Bxc3+ 7. bxc3 d6 8. Ne2
Nc6 9. O-O h6 10. f4 Na5 11. Ng3 Nd7 12. Qg4 g6 13. e5 Qe7 14. Ne4 O-O-O 15.
exd6 cxd6 16. Qe2 f5 17. Ng3 Qf7 18. Ba3 Kc7 19. Bb4 Nc6 20. a4 Qf6 21. Qb2 g5
22. a5 h5 23. axb6+ axb6 24. Qa3 Nxb4 25. Qxb4 Rdg8 26. Ne2 Rg7 27. c5 dxc5 28.
dxc5 Nxc5 29. Rfb1 Nxd3 30. Qc4+ Nc5 31. Qb5 e5 32. fxe5 Qc6 33. Qxc6+ Bxc6 34.
Ra7+ Bb7 35. Nd4 Ra8 36. Nxf5 Rd7 37. Rxa8 Bxa8 38. Re1 Ne6 39. Nd6 Nf4 40. e6
Rxd6 41. e7 Bc6 42. e8=Q Bxe8 43. Rxe8 Re6 44. Rg8 Re5 45. g3 Ne2+ 46. Kf2 Nxc3
47. Kf3 Nd5 48. Rg7+ Kc6 49. Rh7 b5 50. Rh8 g4+ 51. Kf2 b4 52. Rb8 Nb6 53. Rd8
Rd5 54. Rxd5 Nxd5 55. Ke2 b3 56. Kd2 Kb5 57. Kc1 Kc4 58. Kb2 Ne3 59. Kb1 Nf1
60. Kb2 Nxh2 0-1

[Event "Open d'Aubagne 2018-2019"]
[Site "Aubagne"]
[Date "2018.01.12"]
[Round "5.5"]
[White "Bertrand, Frederic"]
[Black "Coppel, Victor"]
[Result "1-0"]
[WhiteElo "1539"]
[BlackElo "1206"]
[PlyCount "55"]

1. c4 e5 2. Nc3 Nc6 3. d3 Bc5 4. Nf3 f5 5. Bg5 Be7 6. Bxe7 Ngxe7 7. e4 d6 8.
Be2 O-O 9. O-O f4 10. d4 Ng6 11. Nd5 Nce7 12. dxe5 dxe5 13. Qb3 c6 14. Nc3 Kh8
15. c5 Ng8 16. Rfd1 Qe7 17. Rd6 Rd8 18. Rad1 Bg4 19. h3 Bxf3 20. Bxf3 Nf6 21.
a4 Re8 22. R1d2 Nh4 23. Qd1 h6 24. b4 b5 25. cxb6 axb6 26. Rxc6 Qxb4 27. Rb2
Qa5 28. Rbxb6 1-0

[Event "Open d'Aubagne 2018-2019"]
[Site "Aubagne"]
[Date "2018.01.12"]
[Round "5.6"]
[White "Gomez, Jean-Luc"]
[Black "Tchifteyan, Philippe"]
[Result "1-0"]
[WhiteElo "1376"]
[BlackElo "1536"]
[PlyCount "115"]

1. d4 d5 2. Bf4 Bf5 3. Nf3 Nc6 4. c3 f6 5. e3 e6 6. Be2 Nge7 7. Nbd2 g5 8. Bg3
Ng6 9. a3 Qd7 10. c4 O-O-O 11. Rc1 h5 12. h3 g4 13. Nh4 Nxh4 14. Bxh4 Be7 15.
cxd5 exd5 16. Bb5 Qe6 17. Bxc6 bxc6 18. Qa4 Kd7 19. Bg3 h4 20. Bf4 Ra8 21. Nb3
gxh3 22. gxh3 Bd3 23. Na5 Bb5 24. Qc2 c5 25. dxc5 Qe4 26. Qxe4 dxe4 27. b4 c6
28. Nb3 Ke8 29. Nd4 Ba4 30. Ne6 Kf7 31. Nd4 Rad8 32. Ke2 Rh5 33. Rhg1 Rdd5 34.
Bb8 a6 35. Bf4 f5 36. Rg2 Bf6 37. Nc2 Rh8 38. Bd6 Bc3 39. Nd4 Bxd4 40. exd4
Rxd4 41. Be5 Rd3 42. Bxh8 Rxa3 43. Rc3 Bb5+ 44. Ke3 Ra4 45. Rb3 Bc4 46. Rb2
Ra3+ 47. Kf4 Be6 48. Ke5 Bd7 49. Rg7+ Ke8 50. Kf6 Kd8 51. Rg8+ Kc7 52. Ke7 Bc8
53. Be5+ Kb7 54. Kd8 Be6 55. Rg7+ Ka8 56. Kc7 a5 57. Kb6 Rd3 58. Ra7# 1-0

[Event "Open d'Aubagne 2018-2019"]
[Site "Aubagne"]
[Date "2018.01.12"]
[Round "5.7"]
[White "Normand, Christophe"]
[Black "Cavanihac, Claude"]
[Result "1-0"]
[WhiteElo "1237"]
[BlackElo "1472"]
[PlyCount "65"]

1. e4 e5 2. Nf3 Nc6 3. Bc4 Be7 4. d4 exd4 5. Nxd4 Ne5 6. Bb3 Nf6 7. Nc3 d6 8.
h3 c5 9. Ba4+ Bd7 10. Bxd7+ Qxd7 11. Nf3 Qc6 12. Nxe5 dxe5 13. Qe2 O-O 14. Bd2
h6 15. O-O-O a6 16. g4 Nh7 17. Nd5 Bf6 18. h4 Rfe8 19. Rdg1 Kf8 20. g5 Bd8 21.
Qf3 b5 22. g6 Nf6 23. gxf7 Kxf7 24. Rg2 b4 25. Rhg1 Rg8 26. Bxh6 Ke8 27. Rxg7
Rxg7 28. Rxg7 Qe6 29. Nxf6+ Bxf6 30. Qh5+ Kd8 31. Rf7 Rc8 32. Bg5 Bxg5+ 33.
Qxg5+ 1-0

[Event "Open d'Aubagne 2018-2019"]
[Site "Aubagne"]
[Date "2018.01.12"]
[Round "5.8"]
[White "Hunault, Francis"]
[Black "Tramarin, Matteo"]
[Result "0-1"]
[WhiteElo "1453"]
[BlackElo "1390"]
[PlyCount "102"]

1. e4 d5 2. exd5 Qxd5 3. d4 Nc6 4. Be3 Nf6 5. Nc3 Qd6 6. Nf3 Bg4 7. Be2 g6 8.
Rb1 Bg7 9. Nb5 Qd8 10. h3 Bf5 11. Nh4 Be4 12. Nc3 e6 13. Nxe4 Nxe4 14. Nf3 O-O
15. O-O Qd5 16. c4 Qd6 17. a3 Rad8 18. Qc2 f5 19. c5 Qd7 20. b4 Nf6 21. Rbd1
Nd5 22. Bg5 Rde8 23. Bc4 a6 24. Qc1 Nce7 25. Bh6 Bxh6 26. Qxh6 c6 27. Rfe1 Nc8
28. Re5 Qg7 29. Qxg7+ Kxg7 30. Rde1 Kf6 31. Bxd5 cxd5 32. Nd2 Na7 33. a4 Nc6
34. b5 Nxe5 35. dxe5+ Ke7 36. f4 Rc8 37. Nb3 Rfd8 38. Rc1 axb5 39. axb5 Rd7 40.
Nd4 Rdc7 41. c6 bxc6 42. bxc6 Rb8 43. Kf2 Rb4 44. Ke3 h6 45. g4 Rc4 46. Rxc4
dxc4 47. Kd2 fxg4 48. hxg4 h5 49. gxh5 gxh5 50. f5 exf5 51. Nxf5+ Ke6 0-1